[Event "Miedzyzdroje OB Seniors 24th"]
[Site "Miedzyzdroje"]
[Date "2016.06.22"]
[Round "6"]
[White "Thielemann, Joachim"]
[Black "Santura, Janusz"]
[Result "1-0"]
[WhiteElo "1870"]
[BlackElo "1701"]
[PlyCount "53"]
[EventDate "2016.06.17"]
[EventType "swiss"]
[EventRounds "9"]
[EventCountry "POL"]
[SourceTitle "EXT 2019"]
[Source "ChessBase"]
[SourceDate "2018.10.10"]
[SourceVersion "1"]
[SourceVersionDate "2018.10.10"]
[SourceQuality "1"]

1. e4 c6 2. g3 d5 3. Nc3 Nf6 4. Bg2 d4 5. Nce2 e5 6. d3 c5 7. Bd2 Nc6 8. f4 Bd6 9. Nf3 0-0 10. 0-0 Qc7 11. fxe5 Nxe5 12. Nxe5 Bxe5 13. b3 Bd7 14. a4 a6 15. Qe1 b5 16. Bf4 Ng4 17. axb5 axb5 18. Qd2 Bxf4 19. Nxf4 Be6 20. Bh3 Qe5 21. Ra5 Ne3 22. Rfa1 Bxh3 23. Rxa8 Be6 24. Rxf8+ Kxf8 25. Ra8+ Ke7 26. Qa5 b4 27. Qd8# 1-0

[Event "Polanica Zdroj op-C 49th"]
[Site "Polanica Zdroj"]
[Date "2013.??.??"]
[Round "2"]
[White "Santura, Janusz"]
[Black "Pojedziniec, Wladyslaw"]
[Result "1/2-1/2"]
[WhiteElo "1801"]
[BlackElo "2120"]
[PlyCount "77"]
[EventDate "2013.08.17"]
[EventType "swiss"]
[EventRounds "9"]
[EventCountry "POL"]
[SourceTitle "EXT 2015"]
[Source "ChessBase"]
[SourceDate "2014.11.20"]
[SourceVersion "1"]
[SourceVersionDate "2014.11.20"]
[SourceQuality "1"]

1. d4 Nf6 2. Nf3 g6 3. Bf4 Bg7 4. e3 d6 5. h3 Nbd7 6. Bd3 0-0 7. 0-0 Re8 8. e4 c5 9. c3 cxd4 10. cxd4 b6 11. Nc3 Bb7 12. Qe2 a6 13. Rfd1 b5 14. Rac1 Rc8 15. d5 Nb6 16. Nb1 Nfd7 17. Rxc8 Qxc8 18. Rc1 Qb8 19. Nc3 Rc8 20. Nd1 Na4 21. b3 Nc3 22. Nxc3 Bxc3 23. Be3 Ne5 24. Nxe5 Bxe5 25. Rxc8+ Qxc8 26. Qc2 Bc3 27. a3 e6 28. dxe6 fxe6 29. Bd2 Bxd2 30. Qxd2 Qc5 31. a4 bxa4 32. bxa4 d5 33. Qe2 a5 34. exd5 Bxd5 35. Qc2 Qxc2 36. Bxc2 Kf7 37. f4 Kf6 38. g3 h6 39. h4 1/2-1/2

[Event "Chorzow op"]
[Site "Chorzow"]
[Date "2010.03.27"]
[Round "8"]
[White "Michalski, Edmund"]
[Black "Santura, Janusz"]
[Result "0-1"]
[WhiteElo "1906"]
[BlackElo "1876"]
[PlyCount "120"]
[EventDate "2010.03.20"]
[EventType "swiss"]
[EventRounds "9"]
[EventCountry "POL"]
[SourceTitle "EXT 2012"]
[Source "ChessBase"]
[SourceDate "2011.11.24"]
[SourceVersion "1"]
[SourceVersionDate "2011.11.24"]
[SourceQuality "1"]

1. d4 d5 2. Nf3 Nf6 3. e3 Bg4 4. Nbd2 c6 5. c3 Nbd7 6. Qb3 Qb6 7. Qc2 e6 8. Bd3 Bd6 9. h3 Bh5 10. Ng5 Bg6 11. 0-0 Bxd3 12. Qxd3 0-0 13. e4 dxe4 14. Ndxe4 Nxe4 15. Qxe4 Nf6 16. Qe2 Rad8 17. Nf3 c5 18. Bg5 Be7 19. Rfe1 cxd4 20. Nxd4 Nd5 21. Bxe7 Nxe7 22. Red1 Rd5 23. Rd2 Rfd8 24. Rad1 Ng6 25. Qe4 e5 26. Nb3 Rxd2 27. Rxd2 Rxd2 28. Nxd2 Qxb2 29. Nb1 Qc1+ 30. Kh2 Qf4+ 31. Qxf4 Nxf4 32. Kg3 Kf8 33. Kf3 f5 34. h4 Ke7 35. g3 Nd5 36. Ke2 Kd6 37. Kd3 Kc5 38. a3 e4+ 39. Kc2 b5 40. Nd2 Nf6 41. Nb3+ Kc4 42. Na5+ Kd5 43. Kd2 Ng4 44. Ke2 Ne5 45. Nb3 Kc4 46. Nd4 g6 47. h5 a6 48. hxg6 hxg6 49. Ne6 a5 50. Kd2 a4 51. Nc7 Ng4 52. Ke2 Kxc3 53. Nxb5+ Kb3 54. f3 exf3+ 55. Kxf3 Ne5+ 56. Kf4 Nf7 57. g4 fxg4 58. Kxg4 Ne5+ 59. Kf4 Nc4 60. Kg5 Nxa3 0-1

[Event "Polanica Zdroj op Seniors 45th"]
[Site "Polanica Zdroj"]
[Date "2009.08.19"]
[Round "2"]
[White "Lada, Ireneusz"]
[Black "Santura, Janusz"]
[Result "1-0"]
[WhiteElo "2104"]
[BlackElo "1845"]
[PlyCount "32"]
[EventDate "2009.08.18"]
[EventType "swiss"]
[EventRounds "9"]
[EventCountry "POL"]
[SourceTitle "EXT 2012"]
[Source "ChessBase"]
[SourceDate "2011.11.24"]
[SourceVersion "1"]
[SourceVersionDate "2011.11.24"]
[SourceQuality "1"]

1. c4 c6 2. Nf3 d5 3. e3 Nf6 4. b3 Bg4 5. Be2 e6 6. Bb2 Nbd7 7. 0-0 Bd6 8. Nc3 0-0 9. h3 Bh5 10. cxd5 exd5 11. Rc1 Re8 12. Nd4 Bg6 13. f4 h6 14. g4 Qe7 15. Nf3 Be4 16. Nxe4 Nxe4 1-0

[Event "Katy Rybackie op"]
[Site "Katy Rybackie"]
[Date "2009.06.20"]
[Round "8"]
[White "Santura, Janusz"]
[Black "Mirski, Jerzy"]
[Result "1-0"]
[WhiteElo "1852"]
[BlackElo "1876"]
[PlyCount "39"]
[EventDate "2009.06.14"]
[EventType "swiss"]
[EventRounds "9"]
[EventCountry "POL"]
[SourceTitle "CBM 131 Extra"]
[Source "ChessBase"]
[SourceDate "2009.09.03"]
[SourceVersion "2"]
[SourceVersionDate "2009.09.16"]
[SourceQuality "1"]

1. d4 d5 2. Nf3 Nf6 3. Bf4 e6 4. e3 c5 5. c3 Nc6 6. Nbd2 Be7 7. Bd3 Bd7 8. Ne5 c4 9. Bc2 b5 10. Ndf3 Nh5 11. Nxf7 Kxf7 12. Ng5+ Bxg5 13. Qxh5+ g6 14. Qxg5 Qxg5 15. Bxg5 Kg7 16. 0-0 Rhf8 17. Bf4 h6 18. Bd6 Rf7 19. e4 b4 20. e5 1-0

[Event "Chorzow op 45th"]
[Site "Chorzow"]
[Date "2009.03.28"]
[Round "1"]
[White "Santura, Janusz"]
[Black "Kuciel, Wladyslaw"]
[Result "0-1"]
[WhiteElo "1852"]
[BlackElo "2121"]
[PlyCount "56"]
[EventDate "2009.03.28"]
[EventType "swiss"]
[EventRounds "9"]
[EventCountry "POL"]
[SourceTitle "CBM 129 Extra"]
[Source "ChessBase"]
[SourceDate "2009.05.05"]
[SourceVersion "2"]
[SourceVersionDate "2009.05.20"]
[SourceQuality "1"]

1. d4 Nf6 2. Nf3 e6 3. Bg5 d5 4. e3 c5 5. Nbd2 Nc6 6. c3 Be7 7. Bd3 cxd4 8. exd4 h6 9. Bf4 Qb6 10. Rb1 Nh5 11. Bg3 Nxg3 12. hxg3 Bf6 13. 0-0 0-0 14. Re1 Bd7 15. Ne5 Bxe5 16. dxe5 f6 17. exf6 Rxf6 18. Qe2 Raf8 19. Nf3 e5 20. Nxe5 Nxe5 21. Qxe5 Rxf2 22. Qxd5+ Kh8 23. Qxd7 Rf1+ 24. Kh2 Qg1+ 25. Kh3 Qh1+ 26. Kg4 R1f4+ 27. gxf4 Qxg2+ 28. Kh5 Qh2+ 0-1

[Event "Pszczyna op 4th"]
[Site "Pszczyna"]
[Date "2008.07.16"]
[Round "3"]
[White "Santura, Janusz"]
[Black "Mandla, Maciej"]
[Result "0-1"]
[WhiteElo "1808"]
[BlackElo "1695"]
[PlyCount "74"]
[EventDate "2008.07.15"]
[EventType "swiss"]
[EventRounds "9"]
[EventCountry "POL"]
[SourceTitle "CBM 125 Extra"]
[Source "ChessBase"]
[SourceDate "2008.09.01"]
[SourceVersion "1"]
[SourceVersionDate "2008.09.01"]
[SourceQuality "1"]

1. d4 Nf6 2. Nf3 g6 3. c4 Bg7 4. Nc3 0-0 5. e4 d6 6. Be2 Nc6 7. d5 Ne5 8. Nxe5 dxe5 9. Be3 h6 10. 0-0 Nh7 11. Qd2 g5 12. g4 Kh8 13. Rfe1 Bd7 14. c5 Qc8 15. f3 Nf6 16. Rac1 Rg8 17. h4 Nxg4 18. fxg4 Bxg4 19. hxg5 Bf6 20. Kf2 Bxg5 21. Rh1 Bh3 22. Rcg1 Bh4+ 23. Kf3 Bg4+ 24. Kg2 Bxe2+ 25. Kh2 Bg3+ 26. Rxg3 Rxg3 27. Kxg3 Qg4+ 28. Kf2 Qf3+ 29. Ke1 Qxh1+ 30. Kxe2 Rg8 31. Kd3 Rg2 32. Qc1 Qh3 33. Nb5 f5 34. Nxc7 f4 35. Ne6 fxe3 36. c6 e2+ 37. Kd2 e1Q+ 0-1